000 00459nam a2200169Ia 4500
008 240729s9999 xx 000 0 und d
022 _a2589-2975
245 0 _aInternational Journal of Innovation Studies
260 _aChina
260 _bKeAi Communications Co., Ltd.
650 _a Business
650 _a Commerce
650 _aSocial Sciences
856 _uhttps://doaj.org/toc/5fda91208a4a42d6b2fa90ded4c75398
942 _2ddc
942 _cDOAJEJ
999 _c67743
_d67743
945 _a1
_bMadushi Gamage
_c1
_dMadushi Gamage